Mitchell Report Quiz Stats

 Plays Quiz Updated Mar 18, 2019

Score 0/86 Timer 10:00
0 Plays Today
Player % Correct
Barry Bonds
76.7%
Roger Clemens
72.9%
Jose Canseco
48.9%
Rafael Palmeiro
45%
Jason Giambi
36.9%
Jeremy Giambi
35.9%
Andy Pettitte
30.3%
Miguel Tejada
29.1%
Matt Williams
18.7%
Todd Williams
18.7%
Jeff Williams
18.7%
Gary Sheffield
16.7%
Ken Caminiti
15.1%
Brian Roberts
14.6%
Eric Gagne
12.6%
David Bell
12%
Mike Bell
11.9%
Mo Vaughn
11.9%
Kevin Brown
10.9%
Chuck Knoblauch
10.7%
Jason Grimsley
9.9%
David Justice
9.9%
Paul LoDuca
8.8%
Rondell White
8.1%
David Segui
7.7%
Lenny Dykstra
7.5%
Kevin Young
6.9%
Troy Glaus
6.1%
Glenallen Hill
6%
Player % Correct
Benito Santiago
5.9%
Jay Gibbons
5.9%
Fernando Vina
5.8%
Howie Clark
5.7%
Rick Ankiel
5.3%
John Rocker
5.2%
Gary Matthews Jr.
5%
Gregg Zaun
4.8%
Jack Cust
4.7%
Jose Guillen
4.7%
Larry Bigbie
4.5%
Todd Hundley
4.5%
Ryan Franklin
4.3%
Mike Stanton
4.3%
Matt Franco
4.1%
Armando Rios
4.1%
Jerry Hairston Jr.
4%
Paul Byrd
3.8%
Hal Morris
3.6%
F.P. Santangelo
3.6%
Todd Pratt
3.6%
Marvin Benard
3.4%
Chad Allen
3.4%
Randy Velarde
3.2%
Wally Joyner
3.1%
Adam Piatt
3%
Exavier 'Nook' Logan
2.9%
Bobby Estalella
2.8%
Denny Neagle
2.8%
Player % Correct
Gary Bennett Jr.
2.7%
Paxton Crawford
2.7%
Ricky Bones
2.6%
Tim Laker
2.5%
Scott Schoeneweis
2.4%
Brendan Donnelly
2.3%
Ron Villone
2.2%
Mike Lansing
2.1%
Matt Herges
2.1%
Jim Parque
2.1%
Mark Carreon
2%
Derrick Turnbow
1.9%
Phil Hiatt
1.9%
Kent Mercker
1.9%
Jason Christiansen
1.8%
Cody McKay
1.8%
Ismael Valdez
1.7%
Josias Manzanillo
1.7%
Stephen Randolph
1.7%
Darren Holmes
1.7%
Chris Donnels
1.7%
Adam Riggs
1.6%
Ricky Stone
1.6%
Dan Naulty
1.6%
Bart Miadich
1.5%
Mike Judd
1.5%
Steve Woodard
1.4%
Ryan Jorgensen
1%

You're not logged in!

Compare scores with friends on all Sporcle quizzes.
OR
Log In

Sporcle TV

Today on Sporcle TV


Watch our educational content, quiz creation guides, and fun videos on Sporcle TV.

Show Comments

Extras

Top Quizzes Today


Score Distribution

Your Account Isn't Verified!

In order to create a playlist on Sporcle, you need to verify the email address you used during registration. Go to your Sporcle Settings to finish the process.

Report this User

Report this user for behavior that violates our Community Guidelines.

Details: